|
|
|
|
| LEADER |
03649nam a2200589 4500 |
| 001 |
978-3-540-36467-2 |
| 003 |
DE-He213 |
| 005 |
20191220125850.0 |
| 007 |
cr nn 008mamaa |
| 008 |
121227s2003 gw | s |||| 0|eng d |
| 020 |
|
|
|a 9783540364672
|9 978-3-540-36467-2
|
| 024 |
7 |
|
|a 10.1007/3-540-36467-6
|2 doi
|
| 040 |
|
|
|d GrThAP
|
| 050 |
|
4 |
|a TK5105.5-5105.9
|
| 072 |
|
7 |
|a UKN
|2 bicssc
|
| 072 |
|
7 |
|a COM075000
|2 bisacsh
|
| 072 |
|
7 |
|a UKN
|2 thema
|
| 082 |
0 |
4 |
|a 004.6
|2 23
|
| 245 |
1 |
0 |
|a Privacy Enhancing Technologies
|h [electronic resource] :
|b Second International Workshop, PET 2002, San Francisco, CA, USA, April 14-15, 2002, Revised Papers /
|c edited by Roger Dingledine, Paul Syverson.
|
| 250 |
|
|
|a 1st ed. 2003.
|
| 264 |
|
1 |
|a Berlin, Heidelberg :
|b Springer Berlin Heidelberg :
|b Imprint: Springer,
|c 2003.
|
| 300 |
|
|
|a VIII, 242 p.
|b online resource.
|
| 336 |
|
|
|a text
|b txt
|2 rdacontent
|
| 337 |
|
|
|a computer
|b c
|2 rdamedia
|
| 338 |
|
|
|a online resource
|b cr
|2 rdacarrier
|
| 347 |
|
|
|a text file
|b PDF
|2 rda
|
| 490 |
1 |
|
|a Lecture Notes in Computer Science,
|x 0302-9743 ;
|v 2482
|
| 505 |
0 |
|
|a Privacy-Enhancing Technologies for the Internet, II: Five Years Later -- Detecting Web Bugs with Bugnosis: Privacy Advocacy through Education -- Private Authentication -- Towards an Information Theoretic Metric for Anonymity -- Towards Measuring Anonymity -- Platform for Enterprise Privacy Practices: Privacy-Enabled Management of Customer Data -- Privacy Enhancing Profile Disclosure -- Privacy Enhancing Service Architectures -- Dummy Traffic against Long Term Intersection Attacks -- Protecting Privacy during On-Line Trust Negotiation -- Prototyping an Armored Data Vault -- Preventing Interval-Based Inference by Random Data Perturbation -- Fingerprinting Websites Using Traffic Analysis -- A Passive Attack on the Privacy of Web Users Using Standard Log Information -- Covert Messaging through TCP Timestamps -- Almost Optimal Private Information Retrieval -- Unobservable Surfing on the World Wide Web: Is Private Information Retrieval an Alternative to the MIX Based Approach?.
|
| 650 |
|
0 |
|a Computer communication systems.
|
| 650 |
|
0 |
|a Data encryption (Computer science).
|
| 650 |
|
0 |
|a Computer engineering.
|
| 650 |
|
0 |
|a Operating systems (Computers).
|
| 650 |
|
0 |
|a Information storage and retrieval.
|
| 650 |
|
0 |
|a Computers and civilization.
|
| 650 |
1 |
4 |
|a Computer Communication Networks.
|0 http://scigraph.springernature.com/things/product-market-codes/I13022
|
| 650 |
2 |
4 |
|a Cryptology.
|0 http://scigraph.springernature.com/things/product-market-codes/I28020
|
| 650 |
2 |
4 |
|a Computer Engineering.
|0 http://scigraph.springernature.com/things/product-market-codes/I27000
|
| 650 |
2 |
4 |
|a Operating Systems.
|0 http://scigraph.springernature.com/things/product-market-codes/I14045
|
| 650 |
2 |
4 |
|a Information Storage and Retrieval.
|0 http://scigraph.springernature.com/things/product-market-codes/I18032
|
| 650 |
2 |
4 |
|a Computers and Society.
|0 http://scigraph.springernature.com/things/product-market-codes/I24040
|
| 700 |
1 |
|
|a Dingledine, Roger.
|e editor.
|4 edt
|4 http://id.loc.gov/vocabulary/relators/edt
|
| 700 |
1 |
|
|a Syverson, Paul.
|e editor.
|4 edt
|4 http://id.loc.gov/vocabulary/relators/edt
|
| 710 |
2 |
|
|a SpringerLink (Online service)
|
| 773 |
0 |
|
|t Springer eBooks
|
| 776 |
0 |
8 |
|i Printed edition:
|z 9783662182970
|
| 776 |
0 |
8 |
|i Printed edition:
|z 9783540005650
|
| 830 |
|
0 |
|a Lecture Notes in Computer Science,
|x 0302-9743 ;
|v 2482
|
| 856 |
4 |
0 |
|u https://doi.org/10.1007/3-540-36467-6
|z Full Text via HEAL-Link
|
| 912 |
|
|
|a ZDB-2-SCS
|
| 912 |
|
|
|a ZDB-2-LNC
|
| 912 |
|
|
|a ZDB-2-BAE
|
| 950 |
|
|
|a Computer Science (Springer-11645)
|